Personnages de My Hero Academia - Statistiques

Statistiques générales
  • Ce quiz a été pris 393 fois
  • Le résultat moyen est 31 sur 72
Statistiques - réponses
Réponse % Correct
One for all Izuku Midoriya / Deku
87%
Grenouille Tsuyu Asui / Froppy
79%
Gravité zéro Ochaco Uraraka / Uravity
76%
Acide Mina Ashido / Pinkie
75%
One for all All Might
74%
Glace et Feu Shoto Todoroki
74%
Explosion Katsuki Bakugo
70%
Durcissement Eijiro Kirishima / Red Riot
69%
Électricité Denki Kaminari / Chargéclair
68%
Engine Tenya Iida / Ingenium
65%
Earphone Jack Kyoka Jiro / Earphone Jack
62%
All for one All for one
59%
Crémation Dabi / Crematorium
59%
Boing Boing Minoru Mineta / Grape juice
59%
Nombrilaser Yuga Aoyama / Can't stop twinkling
59%
Ruban adhésif Hanta Sero / Cellophane
58%
Dark Shadow Fumikage Tokoyami / Tsukuyomi
57%
Parfum Soporifique Midnight
55%
Invisibilié Toru Hagakure / Invisible girl
54%
Hellflame Endeavor
53%
Effacement Eraser Head
51%
Métamorphose Himiko Toga
51%
Voice Present Mic
51%
Voix du vivant Koji Koda / Anima
49%
Overhaul Overhaul
49%
Dédoublement Twice
47%
Graisse absorbante fat gum
46%
Tail Mashirao Ojiro / Tailman
46%
Perméabilité Mirio Togata / Le Million
46%
Gigantisme Mountlady
45%
Trou noir Numéro 13
45%
Ciment Cementos
44%
Adamantine Wings Hawks
44%
Contrôle des fibres Best Jeanist
43%
Création Momo Yaoyorozou / Creaty
43%
Orque Gang Orca
42%
Portail Blackmist
41%
Rembobinage Eri
41%
Bras clôneurs Mezo Shoji / TentapouLples
41%
Coagulation Stain
40%
Lavage de cerveau Hitoshi Shinso
39%
Arborescence Dieu Sylvestre
37%
Clones Ectoplasm
37%
Amour Love Lover
36%
Zoom Mei Hatsume
36%
Compress Mister Compress
36%
Assimilation Tamaki Amajiki / Sun Eater
36%
Verouillage Lock Lock
33%
Dragon Ryukyu
32%
Gecko Spinner
32%
Corps de papier Edge Shot
31%
Elasticité Gentle
31%
Haute performance Nezu
30%
Bubble Bubblegirl
29%
Désintégration Shigaraki Tomura
29%
Réacteurs Gran Torino
28%
Contrôle du sang Vlad King
28%
Surge Nejire Hado
27%
Prévision Sir Night Eye
27%
Récupération Recovery Girl
26%
Tête chercheuse Snipe
26%
Télépathie Mandalay
24%
Rabbit Miruko
22%
Ronces Ibara Shiozaki / Vine
21%
Giant Fist Itsuka Kendo / Battle Fist
21%
Flot de Terre Pixie-Bob
21%
Recherche (auparavant) Ragdoll
21%
Souplesse Tora
21%
Vent Inasa Yoarashi / Ouragan
18%
Gatling Gun Head
11%
Acier Tetstetsu Tetsutetsu / Real Steel
10%
Water creation Kota Izuma
3%
Aucun quiz correspondant
Distribution des résultats
% des personnes avec chaque résultat
Percentile par nombre de réponses
Votre historique - résultats
Vous n’avez pas pris ce quiz